Beyond the Bauhaus (Record no. 352992)
[ view plain ]
| 000 -LEADER | |
|---|---|
| fixed length control field | 00737nam a2200133Ia 4500 |
| 008 - FIXED-LENGTH DATA ELEMENTS--GENERAL INFORMATION | |
| fixed length control field | 171212s9999 xx 000 0 und d |
| 100 ## - MAIN ENTRY--PERSONAL NAME | |
| Personal name | Barnstone, Deborah Ascher |
| 245 ## - TITLE STATEMENT | |
| Statement of responsibility, etc | Barnstone, Deborah Ascher |
| Title | Beyond the Bauhaus |
| Remainder of title | Cultural Modernity in Breslau, 1918-33 |
| 260 ## - PUBLICATION, DISTRIBUTION, ETC. (IMPRINT) | |
| Name of publisher, distributor, etc | University of Michigan Press |
| Date of publication, distribution, etc | 2016 |
| 440 ## - SERIES STATEMENT/ADDED ENTRY--TITLE | |
| Title | Social History, Popular Culture, And Politics In Germany |
| 650 ## - SUBJECT ADDED ENTRY--TOPICAL TERM | |
| Topical term or geographic name as entry element | Art & Art History |
| 650 ## - SUBJECT ADDED ENTRY--TOPICAL TERM | |
| Topical term or geographic name as entry element | Wroclaw (Poland) -- Civilization -- 20th century; Wroclaw (Poland) -- Intellectual life -- 20th century; Modernism (Aesthetics) -- Poland -- Wroclaw -- History -- 20th century; Arts, German -- Poland -- Wroclaw -- History -- 20th century; City and town li |
| 856 ## - ELECTRONIC LOCATION AND ACCESS | |
| Uniform Resource Identifier | <a href="http://jstor.org/stable/j.ctt1gk088m">http://jstor.org/stable/j.ctt1gk088m</a> |
| Withdrawn status | Lost status | Damaged status | Home library | Current library | Date acquired | Total Checkouts | Full call number | Date last seen | Price effective from | Koha item type |
|---|---|---|---|---|---|---|---|---|---|---|
| College Library | College Library | 12/12/2017 | DK4780.2 .B37 2016 | 12/12/2017 | 12/12/2017 | Curriculum - Based eBooks |